| 000 -ლიდერი |
| ფიქსირებული სიგრძის საკონტროლო ველი |
01592nam a2200277Ia 4500 |
| 001 - საკონტროლო ნომერი |
| საკონტროლო ველი |
4065 |
| 003 - საკონტროლო ნომრის იდენტიფიკატორი |
| საკონტროლო ველი |
GE_BSU |
| 005 - ბოლო ოპერაციის თარიღი და დრო |
| საკონტროლო ველი |
20191003115556.0 |
| 008 - ფიქსირებული სიგრძის მონაცემთა ელემენტები - ზოგადი ინფორმაცია |
| ფიქსირებული სიგრძის საკონტროლო ველი |
181216s1969||||ge |||||||||||||| ||geo|| |
| 040 ## - კატალოგიზაციის წყარო |
| Transcribing agency |
GE_BSU |
| 041 ## - ენის კოდი |
| Language code of text/sound track or separate title |
geo |
| 080 ## - უნივერსალური ათობითი კლასიფიკაციის ინდექსი |
| Universal Decimal Classification number |
631(479.22) ბ–91 |
| 100 ## - მთავარი ჩანაწერი - პიროვნების სახელი |
| Personal name |
ბრეგაძე, ნელი |
| 9 (RLIN) |
4462 |
| 245 ## - ცნობა სათაურის შესახებ |
| Title |
მთის მიწათმოქმედება დასავლეთ საქართველოში : |
| Remainder of title |
მემინდვრეობა რაჭა-ლეჩხუმის ეთნოგრაფიული მასალების მიხედვით |
| Statement of responsibility, etc |
რედ. გ. ჩიტაია. |
| 264 ## - წარმოების, გამოცემის, დისტრიბუციის და სხვა ცნობები |
| გამოცემის, წარმოების, დისტრიბუციის... ადგილი |
თბილისი : |
| გამოცემის, წარმოების, დისტრიბუციის... სახელწოდება |
მეცნიერება, |
| გამოცემის, წარმოების, დისტრიბუციის... თარიღი |
1969. |
| 300 ## - ფიზიკური აღწერა |
| Extent |
174 გვ. ; |
| Other physical details |
22 სმ. |
| 504 ## - BIBLIOGRAPHY, ETC. NOTE |
| Bibliography, etc |
ბიბლიოგრ. შემოკლ. და ტბლ. ახსნა: გვ.279-284. |
| 520 ## - SUMMARY, ETC. |
| Summary, etc |
რეზუმე რუს. და ინგლ. ენ.- |
| 653 ## - INDEX TERM--UNCONTROLLED |
| Uncontrolled term |
ქართული წეს-ჩვეულებები; |
| 653 ## - INDEX TERM--UNCONTROLLED |
| Uncontrolled term |
მემინდვრეობა რაჭა-ლეჩხუმში; |
| 653 ## - INDEX TERM--UNCONTROLLED |
| Uncontrolled term |
მთის მიწათმოქმედება დასავლეთ საქართველოში. |
| 700 ## - ADDED ENTRY--PERSONAL NAME |
| Personal name |
ჩიტაია, გ. |
| Relator term |
რედაქტორი |
| 9 (RLIN) |
4463 |
| 710 ## - ADDED ENTRY--CORPORATE NAME |
| Corporate name or jurisdiction name as entry element |
ივ. ჯავახიშვილის სახ. ისტორიის, არქეოლოგიისა და ეთნოგრაფიის ინ-ტი. |
| 9 (RLIN) |
4464 |
| 942 ## - ADDED ENTRY ELEMENTS (KOHA) |
| Koha item type |
წიგნი |
| Source of classification or shelving scheme |
|